Города Челябинской области - Statistics

General Stats
  • This quiz has been taken 210 times
  • The average score is 18 of 30
Answer Stats
Население Город % Correct
1 177 058 Челябинск
98%
413 755 Магнитогорск
94%
147 449 Миасс
90%
159 662 Златоуст
87%
146 125 Копейск
83%
76 434 Озёрск
75%
69 983 Троицк
75%
50 717 Снежинск
70%
36 591 Коркино
69%
27 442 Аша
68%
21 016 Усть-Катав
68%
37 313 Южноуральск
64%
44 671 Чебаркуль
63%
42 062 Сатка
58%
12 569 Сим
58%
10 339 Карабаш
58%
14 454 Катав-Ивановск
56%
27 371 Еманжелинск
55%
35 325 Кыштым
53%
32 478 Трёхгорный
50%
8861 Верхнеуральск
50%
22 548 Верхний Уфалей
49%
15 006 Касли
49%
10 130 Юрюзань
46%
16 103 Бакал
44%
16 934 Куса
40%
18 243 Пласт
38%
26 679 Карталы
35%
10 198 Нязепетровск
35%
8364 Миньяр
31%
No matching quizzes found
Score Distribution
Percent of People with Each Score
Percentile by Number Answered
Your Score History
You have not taken this quiz